Cukor čaká reštrukturalizácia denná kapacita výroby cukru by mala byť 5- až 8-tisíc ton

Reštrukturalizácia cukrovarníctva v Európskej únii podporovaná stabilitou trhu s cukrom a smerujúca ku koncentrácii spracovania cukrovej repy. Komplikácie reštrukturalizácie v krajinách CEFTA. Pestovanie cukrovej repy na Slovensku v zrkadle minulých rokov. Problémy s cenou cukru. Pokles počtu sloven...

Descrizione completa

Salvato in:
Dettagli Bibliografici
Autore principale: Straka, Róbert
Natura: Capitolo di libro
Lingua:slovacco
Soggetti:
Tags: Aggiungi Tag
Nessun Tag, puoi essere il primo ad aggiungerne!!

MARC

LEADER 00000naa a2200000 4500
001 r033179
005 20230824095803.5
041 0 |a slo 
044 |a SK 
245 1 0 |a Cukor čaká reštrukturalizácia  |b denná kapacita výroby cukru by mala byť 5- až 8-tisíc ton  |c Róbert Straka 
520 |a Reštrukturalizácia cukrovarníctva v Európskej únii podporovaná stabilitou trhu s cukrom a smerujúca ku koncentrácii spracovania cukrovej repy. Komplikácie reštrukturalizácie v krajinách CEFTA. Pestovanie cukrovej repy na Slovensku v zrkadle minulých rokov. Problémy s cenou cukru. Pokles počtu slovenských cukrovarov na 2-3 v prípade snahy o vyrovnanie s EÚ. Predpokladané náklady na reštrukturalizáciu slovenského cukrovarníckeho priemyslu. 
610 2 0 |a priemysel cukrovarnícky 
610 2 0 |a repa cukrová 
610 2 0 |a cukor 
610 2 0 |a reštrukturalizácia 
610 2 0 |a kapacita výrobná 
610 2 0 |a koncentrácia 
610 2 0 |a náklady 
610 2 0 |a Európska únia 
610 2 0 |a Slovensko 
610 2 0 |a CEFTA 
100 1 |a Straka, Róbert